Historia de las ideas modernas en matemática /

Guardado en:
Autor Principal: Babini, José, 1897-
Formato: Libro
Idioma:Spanish
Publicado: Washington, D.C. : Programa Regional de Desarrollo Científico y Tecnológico, Departamento de Asuntos Científicos, Secretaría General de la Organización de los Estados Americanos, 1974, c1967.
Edición:2a. ed.
Series:Colección de monografías científicas. Serie de matemática ; monografía no. 4
Etiquetas: Agregar Etiqueta
Sin Etiquetas, Sea el primero en etiquetar este registro!
LEADER 01166nam a22001815a 4500
001 MAT.inmabb007117
008 180426t19741967dcu######b####001#0#spa##
005 20180426183547.0
245 1 0 |a Historia de las ideas modernas en matemática /  |c por José Babini. 
250 |a 2a. ed. 
260 |a Washington, D.C. :  |b Programa Regional de Desarrollo Científico y Tecnológico, Departamento de Asuntos Científicos, Secretaría General de la Organización de los Estados Americanos,  |c 1974, c1967. 
300 |a ix, 74 p. ;  |c 23 cm. 
440 0 |a Colección de monografías científicas.  |p Serie de matemática ;  |v monografía no. 4 
504 |a Incluye referencias bibliográficas (p. 67-68) e índice. 
505 0 |a 1. La matemática a comienzos del sigo XIX -- 2. Las geometrías no euclidianas -- 3. La aritmetización del análisis -- 4. La teoría de grupos. Galois -- 5. Las nuevas álgebras -- 6. La lógica matemática -- 7. El método axiomático. Hilbert -- 8. La teoría de conjuntos. Cantor -- 9. La cuestión de los fundamentos -- 10. Las estructuras. 
100 1 |a Babini, José,  |d 1897- 
084 |a 01-01 (01A55 01A60)  |2 msc2000 
859 |h 01  |i B114  |p A-8996  |b BIB. MATEMATICA